000 00550nam a2200181Ia 4500
003 GCL
008 140319s9999 xx 000 0 ara d
040 _aGCL /
_cGCL
082 0 4 _a210
_bع م
100 1 _aعباس محمود العقاد
245 1 0 _aالفلسفة القرانية /
_cعباس محمود العقاد
300 _a231 ص
490 _aموسوعة عباس محمود العقاد الاسلامية
_v0
650 0 4 _aالفلسفة
650 0 4 _aالقران
650 0 4 _aالقران والفلسفة
942 _2ddc
_cBK
999 _c51712
_d51712